000 00306pab a2200121 454500
008 180718b xxu||||| |||| 00| 0 eng d
100 _aGhatak, Aditi Roy
245 _aSaving the city: will Calcutta breathe again?
650 _a Calcutta
650 _aCities and Towns
773 _aStatesman
909 _a23346
999 _c23346
_d23346